The BFG / (Record no. 1860)

MARC details
000 -LEADER
fixed length control field 01032cam a2200289 a 4500
005 - DATE AND TIME OF LATEST TRANSACTION
control field 20231106145339.0
020 ## - INTERNATIONAL STANDARD BOOK NUMBER
International Standard Book Number 0140315977 (pbk.)
040 ## - CATALOGING SOURCE
Original cataloging agency DLC
Transcribing agency DLC
Modifying agency DLC
-- FISKH
Language of cataloging eng
050 10 - LIBRARY OF CONGRESS CALL NUMBER
Classification number PZ7.D1515
082 00 - DEWEY DECIMAL CLASSIFICATION NUMBER
Classification number [Fic]
Edition number 19
100 1# - MAIN ENTRY--PERSONAL NAME
Personal name Dahl, Roald.
245 14 - TITLE STATEMENT
Title The BFG /
Statement of responsibility, etc. Roald Dahl ; illustrated by Quentin Blake.
260 ## - PUBLICATION, DISTRIBUTION, ETC.
Place of publication, distribution, etc. London :
-- New York :
Name of publisher, distributor, etc. Puffin,
Date of publication, distribution, etc. 1998
300 ## - PHYSICAL DESCRIPTION
Extent 208 pages :
Other physical details illustrations ;
Dimensions 20 cm.
500 ## - GENERAL NOTE
General note Originally published: London : J. Cape, c1982.
500 ## - GENERAL NOTE
General note "Puffin books."
505 ## - FORMATTED CONTENTS NOTE
Formatted contents note M
520 ## - SUMMARY, ETC.
Summary, etc. Kidsnatched from her orphanage by a BFG (Big Friendly Giant), who spends his life blowing happy dreams to children, Sophie concocts with him a plan to save the world from nine other man-gobbling cannybull giants.
521 ## - TARGET AUDIENCE NOTE
Target audience note 720 <br/>
Source Lexile
521 ## - TARGET AUDIENCE NOTE
Target audience note R<br/><br/>
Source Raz-Plus
650 #1 - SUBJECT ADDED ENTRY--TOPICAL TERM
Topical term or geographic name entry element Giants
General subdivision Fiction.
650 #1 - SUBJECT ADDED ENTRY--TOPICAL TERM
Topical term or geographic name entry element Orphans
General subdivision Fiction.
700 1# - ADDED ENTRY--PERSONAL NAME
Personal name Blake, Quentin,
Relator term illustrator
906 ## - LOCAL DATA ELEMENT F, LDF (RLIN)
a 7
b cbc
c orignew
d 1
e ocip
f 19
g y-gencatlg
942 ## - ADDED ENTRY ELEMENTS (KOHA)
Source of classification or shelving scheme Dewey Decimal Classification
Koha item type Books
Suppress in OPAC No
999 ## -
-- 1860
-- 1860
Holdings
Withdrawn status Lost status Source of classification or shelving scheme Damaged status Not for loan Collection Home library Current library Shelving location Date acquired Total Checkouts Full call number Barcode Date last seen Copy number Price effective from Koha item type Date due Date last checked out
    Dewey Decimal Classification     Juvenile Fiction Footprints International School Library Network Toul Kork Campus Footprints International School Library Network Toul Kork Campus TK Primary Library Room(4th Floor), Bookcase 5&6, Shelves 33-56, Orange Books 10/05/2023   DAH 823.914 PZ7.D1515 2023-0706 10/05/2023 1 10/05/2023 Books    
    Dewey Decimal Classification     Juvenile Fiction Footprints International School Library Network Toul Kork Campus Footprints International School Library Network Toul Kork Campus TK Primary Library Room(4th Floor), Bookcase 5&6, Shelves 33-56, Orange Books 10/05/2023 1 DAH 823.914 PZ7.D1515 FISTK05133 11/11/2025 2 10/05/2023 Books 11/25/2025 11/11/2025